<?xml version="1.0" encoding="UTF-8"?>
<collection xmlns="http://www.loc.gov/MARC21/slim">
 <record>
  <leader>01293nam a2200205Ia 4500</leader>
  <controlfield tag="001">CTU_209557</controlfield>
  <controlfield tag="008">210402s9999    xx            000 0 und d</controlfield>
  <datafield tag="082" ind1=" " ind2=" ">
   <subfield code="a">398.99592</subfield>
  </datafield>
  <datafield tag="082" ind1=" " ind2=" ">
   <subfield code="b">D121</subfield>
  </datafield>
  <datafield tag="100" ind1=" " ind2=" ">
   <subfield code="a">Nguyễn, Nghĩa Dân</subfield>
  </datafield>
  <datafield tag="245" ind1=" " ind2="0">
   <subfield code="a">999 lời tục ngữ - ca dao Việt Nam về thực hành đạo đức :</subfield>
  </datafield>
  <datafield tag="245" ind1=" " ind2="0">
   <subfield code="b">Sưu tầm - Tuyển chọn - Giải thích - Bình luận</subfield>
  </datafield>
  <datafield tag="245" ind1=" " ind2="0">
   <subfield code="c">Nguyễn Nghĩa Dân</subfield>
  </datafield>
  <datafield tag="260" ind1=" " ind2=" ">
   <subfield code="a">Hà Nội</subfield>
  </datafield>
  <datafield tag="260" ind1=" " ind2=" ">
   <subfield code="b">Khoa học - Xã hội</subfield>
  </datafield>
  <datafield tag="260" ind1=" " ind2=" ">
   <subfield code="c">2015</subfield>
  </datafield>
  <datafield tag="520" ind1=" " ind2=" ">
   <subfield code="a">Sách là một bộ sưu tập được tuyển chọn, giải thích, bình luận về phương pháp giảng dạy và học tập ca dao - tục ngữ về đạo đức. Sách gồm 4 phần. Phần 1: Giới thuyết về tên cuốn sách. Phần 2: Khái quát về đạo đức trong tục ngữ, ca dao Việt Nam. Phần 3: 999 lời tục ngữ - ca dao Việt Nam về thực hành đạo đức. Phần 4: Bảng tra cứu theo hệ thống các hành vi đạo đức</subfield>
  </datafield>
  <datafield tag="650" ind1=" " ind2=" ">
   <subfield code="a">Tục ngữ Việt Nam,Proverbs, Vietnamese</subfield>
  </datafield>
  <datafield tag="904" ind1=" " ind2=" ">
   <subfield code="i">Châu Thiên Phúc,Hải</subfield>
  </datafield>
  <datafield tag="980" ind1=" " ind2=" ">
   <subfield code="a">Trung tâm Học liệu Trường Đại học Cần Thơ</subfield>
  </datafield>
 </record>
</collection>
